[Event "Menorca op 3rd"]
[Site "Ciutadella de Menorca"]
[Date "2024.04.07"]
[Round "9"]
[White "Cramling Bellon, Anna"]
[Black "Garmendia Vega, Gabriel"]
[Result "0-1"]
[WhiteElo "2079"]
[BlackElo "1961"]
[PlyCount "96"]
[EventDate "2024.04.02"]
[EventType "swiss"]
[EventRounds "9"]
[EventCountry "ESP"]
[SourceTitle "CB15_2024"]
[SourceDate "2024.04.10"]
[SourceVersion "1"]
[SourceVersionDate "2024.04.10"]
[SourceQuality "1"]

1. d4 d5 2. c4 e6 3. Nc3 c5 4. cxd5 exd5 5. Nf3 Nf6 6. Bg5 Be6 7. e3 c4 8. Be2 Bb4 9. 0-0 Nbd7 10. Nd2 Qa5 11. Qc2 0-0 12. f4 Bg4 13. Bxg4 Nxg4 14. f5 Rfe8 15. Rf3 Bxc3 16. bxc3 Ngf6 17. Rb1 b5 18. Rb4 a6 19. a4 bxa4 20. Rxa4 Qb5 21. Rf1 h6 22. Bf4 Nh5 23. e4 Nxf4 24. Rxf4 dxe4 25. Nxe4 Qb3 26. Ra2 Qxc2 27. Rxc2 Nb6 28. Nc5 Nd5 29. Rf3 a5 30. Ra2 Re1+ 31. Rf1 Rxf1+ 32. Kxf1 Nxc3 33. Rc2 Nd5 34. Ke2 Re8+ 35. Kd2 c3+ 36. Rxc3 Nxc3 37. Kxc3 Re2 38. d5 Kf8 39. Kc4 Ke7 40. g4 Rxh2 41. Ne4 Rc2+ 42. Kd4 a4 43. d6+ Kd7 44. f6 gxf6 45. Kd3 Rc6 46. Nxf6+ Kxd6 47. Ne4+ Ke5 48. Nd2 Rd6+ 0-1

[Event "Florianopolis op 10th"]
[Site "Florianopolis"]
[Date "2024.01.23"]
[Round "5"]
[White "Da Silva, Esequiel Luis Melo"]
[Black "Garmendia Vega, Gabriel"]
[Result "1/2-1/2"]
[WhiteElo "1647"]
[BlackElo "1937"]
[PlyCount "57"]
[EventDate "2024.01.20"]
[EventType "swiss"]
[EventRounds "10"]
[EventCountry "BRA"]
[SourceTitle "CB05_2024"]
[SourceDate "2024.01.31"]
[SourceVersion "1"]
[SourceVersionDate "2024.01.31"]
[SourceQuality "1"]

1. d4 d5 2. Nf3 e6 3. Bf4 Nf6 4. e3 c5 5. Bxb8 Rxb8 6. Bb5+ Bd7 7. Bxd7+ Qxd7 8. 0-0 Bd6 9. dxc5 Bxc5 10. Nbd2 0-0 11. c4 Rfd8 12. cxd5 Qxd5 13. Nb3 Qh5 14. Nfd4 Bb6 15. Qxh5 Nxh5 16. a4 a6 17. Rac1 Rbc8 18. Rfd1 g6 19. Kf1 Kf8 20. h3 Ke7 21. Ke2 e5 22. Nf3 f6 23. Rxd8 Rxd8 24. a5 Ba7 25. Rc7+ Rd7 26. Rc8 Rd8 27. Rc7+ Rd7 28. Rc8 Rd8 29. Rc7+ 1/2-1/2

[Event "Florianopolis op 10th"]
[Site "Florianopolis"]
[Date "2024.01.20"]
[Round "1"]
[White "De Souza, Samuel de Deus"]
[Black "Garmendia Vega, Gabriel"]
[Result "0-1"]
[WhiteElo "1300"]
[BlackElo "1937"]
[PlyCount "48"]
[EventDate "2024.01.20"]
[EventType "swiss"]
[EventRounds "10"]
[EventCountry "BRA"]
[SourceTitle "CB05_2024"]
[SourceDate "2024.01.31"]
[SourceVersion "1"]
[SourceVersionDate "2024.01.31"]
[SourceQuality "1"]

1. e4 c5 2. f4 d5 3. e5 Nc6 4. Nf3 Bg4 5. h3 Bxf3 6. Qxf3 e6 7. d3 f6 8. exf6 Nxf6 9. Nc3 Bd6 10. Qf2 0-0 11. a3 e5 12. f5 e4 13. dxe4 d4 14. Bc4+ Kh8 15. Ne2 Nxe4 16. Qf3 Qh4+ 17. Kf1 Ne5 18. g3 Nxf3 19. gxh4 Nfd2+ 20. Bxd2 Nxd2+ 21. Ke1 Nxc4 22. b3 Ne3 23. Kd2 Rae8 24. Rhg1 Nxc2 0-1

[Event "Titled Tuesday intern op 26th Sep Late"]
[Site "Chess.com INT"]
[Date "2023.09.26"]
[Round "9"]
[White "Garmendia Vega, Gabriel"]
[Black "Buchenau, Frank"]
[Result "1-0"]
[WhiteElo "1967"]
[BlackElo "2135"]
[PlyCount "125"]
[EventDate "2023.09.26"]
[EventType "swiss (blitz)"]
[EventRounds "11"]
[EventCountry "USA"]
[SourceTitle "EXT 2024"]
[Source "ChessBase"]
[SourceDate "2023.10.10"]
[SourceVersion "1"]
[SourceVersionDate "2023.10.10"]
[SourceQuality "1"]

1. e4 e6 2. d4 d5 3. Nc3 Nf6 4. e5 Nfd7 5. f4 c5 6. Nf3 Nc6 7. Be3 a6 8. a3 b5 9. dxc5 Bxc5 10. Bxc5 Nxc5 11. b4 Nd7 12. Bd3 0-0 13. Bxh7+ Kxh7 14. Ng5+ Kh6 15. Qg4 Ndxe5 16. Qh4+ Kg6 17. Qh7+ Kf6 18. fxe5+ Nxe5 19. 0-0+ Ke7 20. Rae1 Kd6 21. Qxg7 f6 22. Nce4+ dxe4 23. Nxe4+ Kc6 24. Rd1 Qb6+ 25. Kh1 Nd7 26. Rd6+ Kc7 27. Rxb6 Kxb6 28. Nxf6 Rxf6 29. Rxf6 Nxf6 30. Qxf6 Bd7 31. Qf2+ Kb7 32. Qf3+ Bc6 33. Qf7+ Kb6 34. h4 e5 35. Qf2+ Kb7 36. Qc5 Re8 37. Qe3 e4 38. Kh2 Re7 39. g4 Rf7 40. Qg5 Rf2+ 41. Kg3 Rf3+ 42. Kh2 e3 43. Qe7+ Kb6 44. g5 Rf2+ 45. Kg3 Rf3+ 46. Kh2 Rf2+ 47. Kg3 Rf3+ 48. Kg4 e2 49. Qxe2 Rc3 50. Qf2+ Kb7 51. Kh5 Be4 52. Kh6 Rxc2 53. Qf7+ Rc7 54. Qf6 Rc6 55. Kg7 Rxf6 56. gxf6 Bd5 57. f7 Bxf7 58. Kxf7 Kc6 59. h5 Kd5 60. h6 Kc4 61. h7 Kb3 62. h8Q Kxa3 63. Qh4 1-0

[Event "Titled Tuesday intern op 26th Sep Late"]
[Site "Chess.com INT"]
[Date "2023.09.26"]
[Round "6"]
[White "Garmendia Vega, Gabriel"]
[Black "Ochkoos, Jura"]
[Result "0-1"]
[WhiteElo "1967"]
[BlackElo "2181"]
[PlyCount "74"]
[EventDate "2023.09.26"]
[EventType "swiss (blitz)"]
[EventRounds "11"]
[EventCountry "USA"]
[SourceTitle "EXT 2024"]
[Source "ChessBase"]
[SourceDate "2023.10.10"]
[SourceVersion "1"]
[SourceVersionDate "2023.10.10"]
[SourceQuality "1"]

1. e4 e5 2. Nf3 d6 3. d4 exd4 4. Nxd4 Nf6 5. Nc3 Be7 6. Bf4 0-0 7. Qd2 c6 8. 0-0-0 Re8 9. f3 a5 10. g4 Na6 11. h4 Nc5 12. h5 Nfd7 13. Nf5 Ne5 14. Nxe7+ Qxe7 15. Be2 Rd8 16. g5 Be6 17. g6 f6 18. gxh7+ Kxh7 19. Rdg1 b5 20. Bd1 b4 21. Nb1 a4 22. Qg2 b3 23. cxb3 Ncd3+ 24. Kd2 Nxf4 25. Qg3 Ned3 26. Bc2 d5 27. Bxd3 Nxd3 28. Qg6+ Kg8 29. Kxd3 dxe4+ 30. Kc2 axb3+ 31. axb3 exf3 32. h6 Bd5 33. Nc3 Qf7 34. Qxg7+ Qxg7 35. Rxg7+ Kh8 36. Rhg1 Rab8 37. Nxd5 Rxd5 0-1

[Event "Titled Tuesday intern op 26th Sep Late"]
[Site "Chess.com INT"]
[Date "2023.09.26"]
[Round "10"]
[White "Morris Suzuki, Alan H"]
[Black "Garmendia Vega, Gabriel"]
[Result "1-0"]
[WhiteElo "1652"]
[BlackElo "1967"]
[PlyCount "39"]
[EventDate "2023.09.26"]
[EventType "swiss (blitz)"]
[EventRounds "11"]
[EventCountry "USA"]
[SourceTitle "EXT 2024"]
[Source "ChessBase"]
[SourceDate "2023.10.10"]
[SourceVersion "1"]
[SourceVersionDate "2023.10.10"]
[SourceQuality "1"]

1. b3 Nf6 2. Bb2 g6 3. g4 Bg7 4. g5 Nh5 5. Bxg7 Nxg7 6. e4 e5 7. d4 Qxg5 8. Nf3 Qf4 9. dxe5 Qxe4+ 10. Be2 Nc6 11. Nc3 Qb4 12. Qd2 0-0 13. 0-0-0 Qa3+ 14. Kb1 d6 15. Nd5 Bf5 16. Nf6+ Kh8 17. Qh6 Bxc2+ 18. Ka1 g5 19. Bd3 Bxd3 20. Rxd3 1-0

[Event "Titled Tuesday intern op 19th Sep Late"]
[Site "Chess.com INT"]
[Date "2023.09.19"]
[Round "8"]
[White "Quirke, Jeffrey"]
[Black "Garmendia Vega, Gabriel"]
[Result "0-1"]
[WhiteElo "2015"]
[BlackElo "1967"]
[PlyCount "134"]
[EventDate "2023.09.19"]
[EventType "swiss (blitz)"]
[EventRounds "11"]
[EventCountry "USA"]
[SourceTitle "EXT 2024"]
[Source "ChessBase"]
[SourceDate "2023.10.10"]
[SourceVersion "1"]
[SourceVersionDate "2023.10.10"]
[SourceQuality "1"]

1. e4 c5 2. c3 Nf6 3. e5 Nd5 4. Nf3 d6 5. Bb5+ Bd7 6. Bc4 Nb6 7. Bb3 c4 8. Bc2 Bg4 9. h3 Bxf3 10. Qxf3 Nc6 11. exd6 Qxd6 12. 0-0 g6 13. b3 Bg7 14. Re1 0-0 15. Ba3 Qf6 16. Qxf6 Bxf6 17. Bc5 Nd7 18. Ba3 b5 19. Be4 Rac8 20. bxc4 bxc4 21. d4 cxd3 22. Bxd3 Nde5 23. Bf1 Na5 24. Nd2 Rfd8 25. Ne4 Nac4 26. Nxf6+ exf6 27. Bc1 Nd3 28. Bxd3 Rxd3 29. Bh6 Rxc3 30. Re7 Nd6 31. Rxa7 Nf5 32. Bf4 R8c4 33. g3 g5 34. Ra8+ Kg7 35. Bd2 Rc2 36. Be1 Rc1 37. Rxc1 Rxc1 38. Kf1 Nd4 39. a4 Ra1 40. a5 Nc2 41. Re8 Nxe1 42. Rxe1 Rxa5 43. Re7 h5 44. Kg2 Kf8 45. Rb7 Kg7 46. Rc7 Kg6 47. Rb7 f5 48. Rc7 f6 49. Rc8 Ra4 50. Rg8+ Kh7 51. Rf8 Kg7 52. Rd8 f4 53. gxf4 Rxf4 54. f3 Ra4 55. Rc8 Kg6 56. Rc5 h4 57. Rb5 Ra2+ 58. Kg1 Re2 59. Ra5 Re5 60. Ra4 Kf5 61. Kg2 Re2+ 62. Kg1 Re3 63. Kg2 Rb3 64. Rc4 Kg6 65. Ra4 f5 66. Rc4 Kh5 67. Ra4 Rb2+ 0-1

[Event "Titled Tuesday intern op 19th Sep Late"]
[Site "Chess.com INT"]
[Date "2023.09.19"]
[Round "6"]
[White "Wisniowski, Natalie"]
[Black "Garmendia Vega, Gabriel"]
[Result "1-0"]
[WhiteElo "1896"]
[BlackElo "1967"]
[PlyCount "133"]
[EventDate "2023.09.19"]
[EventType "swiss (blitz)"]
[EventRounds "11"]
[EventCountry "USA"]
[SourceTitle "EXT 2024"]
[Source "ChessBase"]
[SourceDate "2023.10.10"]
[SourceVersion "1"]
[SourceVersionDate "2023.10.10"]
[SourceQuality "1"]

1. d4 Nf6 2. c4 g6 3. Nc3 d5 4. cxd5 Nxd5 5. e4 Nxc3 6. bxc3 Bg7 7. Nf3 c5 8. Be3 0-0 9. Be2 Nc6 10. 0-0 cxd4 11. cxd4 Bg4 12. e5 Qa5 13. Rb1 b6 14. Qb3 Be6 15. Bc4 Bxc4 16. Qxc4 Rac8 17. Qe2 Rfd8 18. Rfd1 Nb4 19. Bd2 Rc2 20. Qe1 Nd3 21. Bxa5 Nxe1 22. Bxe1 Rxa2 23. Ra1 Rxa1 24. Rxa1 a5 25. Rb1 f6 26. exf6 Bxf6 27. Rxb6 Ra8 28. Rb2 a4 29. g3 g5 30. Kg2 g4 31. Ne5 h5 32. Nc4 Bxd4 33. Ra2 Ra6 34. Bb4 e5 35. Nb2 Rb6 36. Ba3 Ra6 37. Be7 Kf7 38. Bg5 a3 39. Nc4 Bc5 40. Bc1 Ke6 41. Nxa3 Kd5 42. Ra1 Rf6 43. Ra2 Ra6 44. Rd2+ Ke6 45. Nc2 Ra2 46. Re2 Kf5 47. Nd4+ Bxd4 48. Rxa2 e4 49. Re2 Bc3 50. Be3 Ba1 51. Ra2 Be5 52. Ra5 Ke6 53. Ra6+ Kf5 54. Ra8 Kg6 55. Rg8+ Kf7 56. Rg5 Kf6 57. Rxh5 Bc3 58. Rh6+ Kf5 59. Rh7 Kg6 60. Rc7 Be5 61. Rc6+ Kf5 62. Rc5 Ke6 63. Rxe5+ Kxe5 64. Bf4+ Kf5 65. h3 gxh3+ 66. Kxh3 e3 67. fxe3 1-0

[Event "Titled Tuesday intern op 12th Sep Late"]
[Site "Chess.com INT"]
[Date "2023.09.12"]
[Round "3"]
[White "Garmendia Vega, Gabriel"]
[Black "Dyachuk, Artem"]
[Result "0-1"]
[WhiteElo "1967"]
[BlackElo "2236"]
[PlyCount "52"]
[EventDate "2023.09.12"]
[EventType "swiss (blitz)"]
[EventRounds "11"]
[EventCountry "USA"]
[SourceTitle "EXT 2024"]
[Source "ChessBase"]
[SourceDate "2023.10.10"]
[SourceVersion "1"]
[SourceVersionDate "2023.10.10"]
[SourceQuality "1"]

1. e4 c5 2. Nf3 d6 3. d4 cxd4 4. Nxd4 Nf6 5. Nc3 Nc6 6. Bg5 e6 7. Qd2 a6 8. f3 Bd7 9. 0-0-0 Be7 10. h4 Nxd4 11. Qxd4 Qc7 12. Be2 Rc8 13. Rhe1 0-0 14. h5 Qa5 15. Bd2 Qxh5 16. Rh1 Qc5 17. Qd3 b5 18. Be3 Qc7 19. a3 Qa5 20. Na2 e5 21. Bg5 Qc7 22. Nc3 Be6 23. g4 Rfd8 24. Rd2 h6 25. Be3 Bc4 26. Nd5 Nxd5 0-1

[Event "Titled Tuesday intern op 05th Sep Late"]
[Site "Chess.com INT"]
[Date "2023.09.05"]
[Round "8"]
[White "Budrewicz, Krzysztof"]
[Black "Garmendia Vega, Gabriel"]
[Result "1-0"]
[WhiteElo "2184"]
[BlackElo "1967"]
[PlyCount "121"]
[EventDate "2023.09.05"]
[EventType "swiss (blitz)"]
[EventRounds "11"]
[EventCountry "USA"]
[SourceTitle "EXT 2024"]
[Source "ChessBase"]
[SourceDate "2023.10.10"]
[SourceVersion "1"]
[SourceVersionDate "2023.10.10"]
[SourceQuality "1"]

1. d4 Nf6 2. c4 g6 3. Nc3 d5 4. Nf3 Bg7 5. Bg5 0-0 6. e3 c5 7. Bxf6 Bxf6 8. Nxd5 Bg7 9. Qd2 cxd4 10. Nxd4 Nc6 11. Nxc6 bxc6 12. Nc3 Qa5 13. Ne4 Qe5 14. Nc3 Bf5 15. Rd1 Rfd8 16. Qxd8+ Rxd8 17. Rxd8+ Bf8 18. Be2 Qc7 19. Rd2 Bg7 20. 0-0 Bxc3 21. bxc3 Qa5 22. Rc1 Be6 23. Bf3 Qc5 24. Be2 Bxc4 25. Bxc4 Qxc4 26. g3 e6 27. Rcc2 h5 28. Rd4 Qb5 29. Rcd2 Kg7 30. h4 c5 31. Rd7 Qa5 32. Re7 Qxc3 33. Rdd7 Kf6 34. Rxf7+ Ke5 35. Rxa7 Qc1+ 36. Kg2 c4 37. Rac7 c3 38. Rc5+ Kd6 39. Rfc7 Qd2 40. R7c6+ Ke7 41. Rxc3 Qxa2 42. R6c4 Kf6 43. Rf4+ Ke5 44. Rcc4 Qa8+ 45. Kh2 Qa2 46. Rce4+ Kd6 47. Kg2 Ke7 48. Re5 Qa8+ 49. Rfe4 Kf7 50. Rxe6 Qd5 51. R6e5 Qc6 52. Re7+ Kf8 53. Kh2 Qc2 54. Kg2 Qc6 55. R7e6 Qd5 56. Kh2 Kf7 57. R6e5 Qd2 58. Rf4+ Kg7 59. Re7+ Kh6 60. Rff7 g5 61. Re6# 1-0

[Event "Titled Tuesday intern op 05th Sep Late"]
[Site "Chess.com INT"]
[Date "2023.09.05"]
[Round "5"]
[White "Garmendia Vega, Gabriel"]
[Black "Marcziter, Dmitrii"]
[Result "1-0"]
[WhiteElo "1967"]
[BlackElo "2236"]
[PlyCount "181"]
[EventDate "2023.09.05"]
[EventType "swiss (blitz)"]
[EventRounds "11"]
[EventCountry "USA"]
[SourceTitle "EXT 2024"]
[Source "ChessBase"]
[SourceDate "2023.10.10"]
[SourceVersion "1"]
[SourceVersionDate "2023.10.10"]
[SourceQuality "1"]

1. e4 c5 2. Nf3 a6 3. c3 d5 4. exd5 Qxd5 5. d4 Nf6 6. Be3 cxd4 7. cxd4 Bg4 8. Be2 e6 9. Nc3 Qd6 10. 0-0 Nc6 11. h3 Bh5 12. Qb3 Qb4 13. Qc2 Be7 14. a3 Qd6 15. Rfd1 0-0 16. Rac1 Rfd8 17. Qb3 b5 18. a4 Na5 19. Qa2 b4 20. Nb1 Rac8 21. Nbd2 h6 22. Nc4 Nxc4 23. Rxc4 a5 24. Rdc1 Rxc4 25. Qxc4 Qd5 26. Qc7 Bf8 27. Bc4 Qd6 28. Qxd6 Bxd6 29. Ne5 Bxe5 30. dxe5 Nd5 31. Bc5 Rc8 32. Bxd5 exd5 33. Be3 Rc4 34. Rxc4 dxc4 35. Bb6 c3 36. bxc3 bxc3 37. Bxa5 c2 38. Bd2 Kf8 39. Kf1 Ke7 40. Ke1 Ke6 41. f4 Bd1 42. g4 Kd5 43. Bc1 Kc4 44. Kd2 Kb4 45. Ke3 Kxa4 46. Ke4 Kb5 47. Kd5 Bf3+ 48. Kd6 Bg2 49. h4 Bh3 50. Ke7 Bxg4 51. Kxf7 Kc6 52. Kxg7 h5 53. Kf7 Kd5 54. Kf6 Bc8 55. f5 Ke4 56. e6 Kd5 57. e7 Bd7 58. Kf7 Ke5 59. f6 Kf5 60. Bb2 Ba4 61. e8Q Bxe8+ 62. Kxe8 c1Q 63. Bxc1 Kxf6 64. Bg5+ Kg6 65. Ke7 Kh7 66. Ke6 Kg6 67. Ke5 Kg7 68. Kf5 Kh7 69. Kf6 Kh8 70. Kg6 Kg8 71. Kxh5 Kh8 72. Kh6 Kg8 73. h5 Kh8 74. Bf6+ Kg8 75. Kg6 Kf8 76. h6 Ke8 77. h7 Kd7 78. h8Q Kc6 79. Qd8 Kc5 80. Qd4+ Kc6 81. Bg5 Kb5 82. Qc3 Kb6 83. Qc4 Kb7 84. Qc5 Kb8 85. Qc6 Ka7 86. Qb5 Ka8 87. Kf6 Ka7 88. Ke6 Ka8 89. Kd6 Ka7 90. Kc7 Ka8 91. Qa4# 1-0

[Event "Titled Tuesday intern op 05th Sep Late"]
[Site "Chess.com INT"]
[Date "2023.09.05"]
[Round "1"]
[White "Garmendia Vega, Gabriel"]
[Black "Skvortsov, Andrei"]
[Result "0-1"]
[WhiteElo "1967"]
[BlackElo "2294"]
[PlyCount "102"]
[EventDate "2023.09.05"]
[EventType "swiss (blitz)"]
[EventRounds "11"]
[EventCountry "USA"]
[SourceTitle "EXT 2024"]
[Source "ChessBase"]
[SourceDate "2023.10.10"]
[SourceVersion "1"]
[SourceVersionDate "2023.10.10"]
[SourceQuality "1"]

1. e4 d5 2. exd5 Qxd5 3. Nc3 Qe5+ 4. Be2 Bg4 5. d4 Bxe2 6. Ngxe2 Qa5 7. Bf4 Nc6 8. Qd3 0-0-0 9. 0-0 Nf6 10. a3 Qh5 11. Qb5 Qxb5 12. Nxb5 Nd5 13. Bg3 a6 14. Nbc3 Nxc3 15. bxc3 Na5 16. Rab1 e6 17. a4 Nc4 18. Rfe1 h5 19. h4 g6 20. Nc1 Rd5 21. Nd3 Ra5 22. Ra1 Bh6 23. Bf4 Bg7 24. Nc5 Rxc5 25. dxc5 Bxc3 26. Bg5 f6 27. Bf4 e5 28. Be3 Rd8 29. Rad1 Bxe1 30. Rxe1 Nxe3 31. Rxe3 Rd4 32. g3 Kd7 33. Rb3 Kc6 34. Kg2 Rxa4 35. Kf3 f5 36. Ke3 Rc4 37. c3 Rxc5 38. f4 e4 39. Kd4 b5 40. Ra3 Rd5+ 41. Ke3 Rd3+ 42. Kf2 Kb6 43. Ra1 a5 44. c4 b4 45. c5+ Kb5 46. c6 a4 47. Kg2 a3 48. Kf2 Ka4 49. Rc1 b3 50. Rc4+ Kb5 51. Rc1 a2 0-1

[Event "Titled Tuesday intern op 05th Sep Late"]
[Site "Chess.com INT"]
[Date "2023.09.05"]
[Round "6"]
[White "Ismagilov, Damir"]
[Black "Garmendia Vega, Gabriel"]
[Result "1-0"]
[WhiteElo "2150"]
[BlackElo "1967"]
[PlyCount "71"]
[EventDate "2023.09.05"]
[EventType "swiss (blitz)"]
[EventRounds "11"]
[EventCountry "USA"]
[SourceTitle "EXT 2024"]
[Source "ChessBase"]
[SourceDate "2023.10.10"]
[SourceVersion "1"]
[SourceVersionDate "2023.10.10"]
[SourceQuality "1"]

1. d4 Nf6 2. Bf4 g6 3. Nc3 d5 4. Qd2 h6 5. 0-0-0 Bg7 6. f3 0-0 7. Bxh6 c5 8. Bxg7 Kxg7 9. dxc5 Be6 10. e4 d4 11. Qxd4 Qxd4 12. Rxd4 Nbd7 13. Bc4 Bxc4 14. Rxc4 Rac8 15. Nge2 Rxc5 16. Rxc5 Nxc5 17. Rd1 Rh8 18. h3 Nh5 19. Nd5 Rd8 20. Nxe7 Re8 21. Nd5 Ne6 22. b3 Rc8 23. Kb2 Ng5 24. c4 f5 25. exf5 gxf5 26. Ne7 Rf8 27. Rd7 Rf7 28. Nxf5+ Kf6 29. Rxf7+ Nxf7 30. g4 Kg5 31. h4+ Kf6 32. Kc3 Ng7 33. Nxg7 Kxg7 34. h5 Kh6 35. f4 Nd6 36. Kd4 1-0

[Event "Titled Tuesday intern op 29th Aug Late"]
[Site "Chess.com INT"]
[Date "2023.08.29"]
[Round "7"]
[White "Garmendia Vega, Gabriel"]
[Black "Bazilius, Augustinas"]
[Result "1-0"]
[WhiteElo "1967"]
[BlackElo "2052"]
[PlyCount "63"]
[EventDate "2023.08.29"]
[EventType "swiss (blitz)"]
[EventRounds "11"]
[EventCountry "USA"]
[SourceTitle "EXT 2024"]
[Source "ChessBase"]
[SourceDate "2023.10.10"]
[SourceVersion "1"]
[SourceVersionDate "2023.10.10"]
[SourceQuality "1"]

1. e4 c5 2. Nf3 a6 3. c3 d5 4. exd5 Qxd5 5. d4 Nf6 6. Nbd2 cxd4 7. Bc4 Qd6 8. Nxd4 b5 9. Be2 e6 10. Bf3 Ra7 11. 0-0 Be7 12. Re1 0-0 13. Ne4 Nxe4 14. Bxe4 Bb7 15. Bxb7 Rxb7 16. Qf3 Rd7 17. Bf4 Qc5 18. Re5 Qb6 19. Rh5 Bf6 20. Be5 Bxe5 21. Rxe5 Rfd8 22. Rae1 Rd6 23. h4 Nd7 24. Rg5 Nf6 25. Qxf6 g6 26. h5 e5 27. Qe7 exd4 28. h6 Qb8 29. cxd4 Rxd4 30. Rge5 Rf8 31. Qf6 Qxe5 32. Qxe5 1-0

[Event "Titled Tuesday intern op 29th Aug Late"]
[Site "Chess.com INT"]
[Date "2023.08.29"]
[Round "11"]
[White "Garmendia Vega, Gabriel"]
[Black "Bilan, Danila"]
[Result "0-1"]
[WhiteElo "1967"]
[BlackElo "2303"]
[PlyCount "128"]
[EventDate "2023.08.29"]
[EventType "swiss (blitz)"]
[EventRounds "11"]
[EventCountry "USA"]
[SourceTitle "EXT 2024"]
[Source "ChessBase"]
[SourceDate "2023.10.10"]
[SourceVersion "1"]
[SourceVersionDate "2023.10.10"]
[SourceQuality "1"]

1. e4 c6 2. d4 d5 3. e5 c5 4. Nf3 Nc6 5. dxc5 Bg4 6. c3 Bxf3 7. Qxf3 Nxe5 8. Bb5+ Nc6 9. c4 e6 10. Nc3 Nf6 11. Bg5 Bxc5 12. Bxf6 Qxf6 13. Qxf6 gxf6 14. cxd5 exd5 15. Nxd5 0-0-0 16. 0-0-0 Nd4 17. Bc4 b5 18. Bb3 Nxb3+ 19. axb3 f5 20. Rhe1 Rhe8 21. Nf6 Rxe1 22. Rxe1 Bxf2 23. Re7 b4 24. Re8 Rxe8 25. Nxe8 Kd8 26. Nd6 f4 27. Nxf7+ Ke7 28. Ng5 h6 29. Ne4 Bd4 30. Kc2 Ke6 31. Kd3 Bxb2 32. Kc4 Ba3 33. Nc5+ Ke5 34. Nd3+ Ke4 35. Nf2+ Ke3 36. Ng4+ Ke2 37. Nxh6 Kf2 38. Ng4+ Kxg2 39. Ne5 f3 40. h4 f2 41. Ng4 Kg3 42. Ne3 Kxh4 43. Kd3 Kg3 44. Ke2 Bb2 45. Nf1+ Kg2 46. Ne3+ Kg1 47. Nf1 Bd4 48. Nd2 Bb6 49. Nf3+ Kg2 50. Nd2 Kg3 51. Nf1+ Kf4 52. Nd2 Ke5 53. Nc4+ Kd4 54. Kxf2 Kc3+ 55. Ke2 Kxb3 56. Ne3 Kc3 57. Nd5+ Kc2 58. Nxb4+ Kb3 59. Nd5 Bc5 60. Kd2 a5 61. Kc1 a4 62. Nf4 a3 63. Nd3 Be3+ 64. Kd1 a2 0-1

[Event "Titled Tuesday intern op 29th Aug Late"]
[Site "Chess.com INT"]
[Date "2023.08.29"]
[Round "2"]
[White "Hajiyev, Kanan"]
[Black "Garmendia Vega, Gabriel"]
[Result "0-1"]
[WhiteElo "2109"]
[BlackElo "1967"]
[PlyCount "78"]
[EventDate "2023.08.29"]
[EventType "swiss (blitz)"]
[EventRounds "11"]
[EventCountry "USA"]
[SourceTitle "EXT 2024"]
[Source "ChessBase"]
[SourceDate "2023.10.10"]
[SourceVersion "1"]
[SourceVersionDate "2023.10.10"]
[SourceQuality "1"]

1. d4 Nf6 2. Nf3 g6 3. c4 Bg7 4. g3 0-0 5. Bg2 c6 6. 0-0 d5 7. b3 dxc4 8. bxc4 c5 9. Bb2 cxd4 10. Nxd4 Qb6 11. Qb3 Nbd7 12. e3 Nc5 13. Qxb6 axb6 14. Rd1 Bg4 15. f3 Bd7 16. Nc3 Rfc8 17. e4 e5 18. Nb3 Na4 19. Nxa4 Bxa4 20. Bf1 Nd7 21. Rd6 Bf8 22. Rd5 f6 23. Bh3 Rc7 24. Rad1 Nc5 25. Rd8 Rxd8 26. Rxd8 Bxb3 27. axb3 Nxb3 28. f4 Kf7 29. fxe5 Bc5+ 30. Kg2 fxe5 31. Bxe5 Re7 32. Bf4 Rxe4 33. Kf3 Re7 34. Rh8 Nd4+ 35. Kg2 Kg7 36. Rb8 Re2+ 37. Kf1 Rxh2 38. Rxb7+ Kf6 39. Bc8 Nf3 0-1

[Event "Titled Tuesday intern op 08th Aug Late"]
[Site "Chess.com INT"]
[Date "2023.08.08"]
[Round "5"]
[White "Garmendia Vega, Gabriel"]
[Black "Salemgareev, Tagir"]
[Result "0-1"]
[WhiteElo "1967"]
[BlackElo "2465"]
[PlyCount "74"]
[EventDate "2023.08.08"]
[EventType "swiss (blitz)"]
[EventRounds "11"]
[EventCountry "USA"]
[SourceTitle "EXT 2024"]
[Source "ChessBase"]
[SourceDate "2023.10.10"]
[SourceVersion "1"]
[SourceVersionDate "2023.10.10"]
[SourceQuality "1"]

1. e4 c5 2. Nf3 d6 3. d4 cxd4 4. Nxd4 Nf6 5. Nc3 a6 6. Rg1 e5 7. Nb3 h5 8. h3 Be6 9. Be3 Nbd7 10. Qd2 b5 11. 0-0-0 Rb8 12. f4 b4 13. Nd5 Nxe4 14. Qe1 a5 15. Kb1 a4 16. Nc1 a3 17. fxe5 axb2 18. Kxb2 Nxe5 19. Bf4 Nc3 20. Nxc3 bxc3+ 21. Ka1 Qa5 22. Nb3 Rxb3 23. cxb3 Bxb3 24. Bb5+ Qxb5 25. axb3 Qxb3 26. Qe2 Qa4+ 27. Qa2 Qxf4 28. Qa8+ Ke7 29. Rge1 c2 30. Qb7+ Kf6 31. Rc1 Kg6 32. Qc8 Be7 33. Qxc2+ Kh6 34. Qd2 Qxd2 35. Rcd1 Ra8+ 36. Kb1 Rb8+ 37. Ka1 Qb2# 0-1

[Event "Titled Tuesday intern op 08th Aug Late"]
[Site "Chess.com INT"]
[Date "2023.08.08"]
[Round "11"]
[White "Garmendia Vega, Gabriel"]
[Black "Yarullina, Alina"]
[Result "1-0"]
[WhiteElo "1967"]
[BlackElo "2084"]
[PlyCount "81"]
[EventDate "2023.08.08"]
[EventType "swiss (blitz)"]
[EventRounds "11"]
[EventCountry "USA"]
[SourceTitle "EXT 2024"]
[Source "ChessBase"]
[SourceDate "2023.10.10"]
[SourceVersion "1"]
[SourceVersionDate "2023.10.10"]
[SourceQuality "1"]

1. e4 e5 2. Nf3 Nf6 3. Nxe5 d6 4. Nf3 Nxe4 5. d4 d5 6. Bd3 Bd6 7. c4 c6 8. Nc3 Nxc3 9. bxc3 0-0 10. 0-0 Bg4 11. h3 Bh5 12. Re1 Nd7 13. Rb1 dxc4 14. Bxc4 Nb6 15. Bd3 Qf6 16. g4 Bg6 17. Bg5 Bxd3 18. Bxf6 Bxb1 19. Qxb1 gxf6 20. Qf5 Rfe8 21. Rxe8+ Rxe8 22. Qxf6 Bf8 23. Ng5 Re1+ 24. Kg2 Bg7 25. Qxf7+ Kh8 26. Qh5 h6 27. Nf7+ Kh7 28. g5 Nd5 29. g6+ Kg8 30. Nxh6+ Bxh6 31. Qxh6 Nf6 32. Qg5 Kg7 33. h4 Re4 34. f3 Re2+ 35. Kg3 Re1 36. Kf2 Rh1 37. Kg2 Rd1 38. h5 Re1 39. h6+ Kg8 40. Qxf6 Re8 41. Qf7+ 1-0

[Event "Titled Tuesday intern op 08th Aug Late"]
[Site "Chess.com INT"]
[Date "2023.08.08"]
[Round "3"]
[White "Liu, Casper Yukun"]
[Black "Garmendia Vega, Gabriel"]
[Result "0-1"]
[WhiteElo "2278"]
[BlackElo "1967"]
[PlyCount "58"]
[EventDate "2023.08.08"]
[EventType "swiss (blitz)"]
[EventRounds "11"]
[EventCountry "USA"]
[SourceTitle "EXT 2024"]
[Source "ChessBase"]
[SourceDate "2023.10.10"]
[SourceVersion "1"]
[SourceVersionDate "2023.10.10"]
[SourceQuality "1"]

1. d4 Nf6 2. Nf3 g6 3. h4 h5 4. c4 Bg7 5. Nc3 d5 6. cxd5 Nxd5 7. e4 Nxc3 8. bxc3 c5 9. Be3 0-0 10. Bc4 Bg4 11. 0-0 Bxf3 12. Qxf3 cxd4 13. cxd4 Bxd4 14. Rad1 e5 15. Bh6 Nc6 16. Bxf8 Qxf8 17. Rb1 Qe7 18. Bd5 Bb6 19. Rfc1 Nd4 20. Qd3 Qxh4 21. Bxb7 Rd8 22. Rc8 Ne6 23. Rxd8+ Nxd8 24. g3 Qf6 25. Bd5 Qxf2+ 26. Kh1 Be3 27. Bc4 Qxg3 28. Qxd8+ Kh7 29. Bf1 Qg1# 0-1